[Event "Let's Play Chess!"]
[Site "http://www.queenalice.com/game.php?id=1242263"]
[Date "2013.12.23"]
[Round "-"]
[White "RonLyon"]
[Black "kykobr"]
[Result "1-0"]
[WhiteElo "1100"]
[BlackElo "1670"]

1. e4 c5 2. Nf3 e6 3. d4 cxd4 4. Nxd4 Bc5 5. Nc3 a6 6. Be3 Qf6 7. Be2 e5 8. Nb3
Bxe3 9. fxe3 Ne7 10. Bf3 O-O 11. Qe2 Nbc6 12. O-O-O Ng6 13. g3 b6 14. Nd5 Qd8
15. h4 h6 16. Rdf1 Nce7 17. Qc4 Bb7 18. h5 Nh8 19. g4 Nc6 20. Rhg1 b5 21. Qc5 d6
22. Qb6 Qd7 23. g5 hxg5 24. Bg4 Qc8 25. Bf5 Qb8 26. Na5 Qa7 27. Qc7 Nxa5 28.
Ne7# 1-0

[Event "Let's Play Chess!"]
[Site "http://www.queenalice.com/game.php?id=1242625"]
[Date "2013.12.26"]
[Round "-"]
[White "charles31"]
[Black "RonLyon"]
[Result "0-1"]
[WhiteElo "1659"]
[BlackElo "1100"]

1. c4 Nf6 2. d4 g6 3. Nc3 Bg7 4. Nf3 d6 5. e4 O-O 6. h3 Nbd7 7. Be3 e5 8. d5 c6
9. dxc6 Nb8 10. cxb7 Bxb7 11. Nd5 Nxe4 12. Bd3 Nf6 13. g4 Nxd5 14. cxd5 Qa5+ 15.
Qd2 Qxd5 16. Be2 Qc6 17. Rc1 Qd7 18. Bh6 Rc8 19. Rxc8+ Qxc8 20. Bxg7 Kxg7 21.
Qxd6 Qc1+ 22. Bd1 Bxf3 23. Rg1 Nc6 24. g5 Rd8 25. Qf6+ Kg8 0-1

[Event "Let's Play Chess!"]
[Site "http://www.queenalice.com/game.php?id=1245873"]
[Date "2014.1.6"]
[Round "-"]
[White "Ruusgugg"]
[Black "RonLyon"]
[Result "0-1"]
[WhiteElo "1395"]
[BlackElo "1100"]

1. e4 c5 2. Nf3 d6 3. Bd3 Nc6 4. O-O Nf6 5. a4 b6 6. b3 Bg4 7. h3 Bh5 8. Bb2 e5
9. Ba6 Qc7 10. c4 Be7 11. d3 O-O 12. h4 Nb4 13. Bb5 a6 14. a5 axb5 15. axb6 Qxb6
16. Na3 bxc4 17. Nxc4 Qb5 18. Rc1 h6 19. Qd2 Bxf3 20. gxf3 Nh5 21. f4 Nxf4 22.
Qd1 Nbxd3 23. Rb1 Bxh4 24. Nxd6 Qd7 25. Nf5 Bg5 26. Bc3 g6 27. Qg4 gxf5 28. exf5
f6 29. Qf3 Qxf5 30. b4 Nh3+ 31. Kg2 Qxf3+ 32. Kh2 Bf4# 0-1

[Event "Challenge"]
[Site "http://www.queenalice.com/game.php?id=1245876"]
[Date "2014.1.6"]
[Round "-"]
[White "ButchCassidy"]
[Black "RonLyon"]
[Result "1/2-1/2"]
[WhiteElo "1674"]
[BlackElo "1378"]

1. e4 c5 2. Bc4 e6 3. Nc3 Nf6 4. d3 h6 5. Nf3 d5 6. exd5 Nxd5 7. Bxd5 exd5 8.
Qe2+ Be7 9. h3 Nc6 10. O-O Be6 11. Re1 Qd7 12. Ne5 Nxe5 13. Qxe5 Bf6 14. Qxd5
O-O 15. Qxc5 Rfe8 16. Ne4 Bf5 17. Bd2 Bxb2 18. Rab1 Bd4 19. Qb4 b6 20. Bc3 Bxc3
21. Qxc3 Rac8 22. Qb3 Re5 23. f4 Qd4+ 24. Kh1 Be6 25. c4 Bxc4 26. Nf6+ gxf6 27.
Qd1 Qxf4 28. dxc4 Qxc4 29. Qd7 Qe6 30. Qd2 f5 31. Rxe5 Qxe5 32. Qxh6 Qe6 33.
Qg5+ Kf8 34. a4 Qg6 35. Qd2 Re8 36. Qd7 Re7 37. Qc8+ Kg7 38. Kh2 Re2 39. Qc3+ f6
40. Rg1 f4 41. Qc7+ Qf7 42. Qxf4 Kf8 43. h4 Ra2 44. Kh3 Qe6+ 45. g4 Rb2 46. h5
b5 47. Kh4 b4 48. h6 Qf7 49. Rf1 Kg8 50. Rc1 Re2 51. Rc8+ Re8 52. Rxe8+ Qxe8 53.
Qxf6 Qf7 54. g5 Qc4+ 55. Kh5 Qe2+ 56. Kg6 Qe4+ 57. Qf5 Qe8+ 58. Kf6 Qf7+ 59. Ke5
Qc7+ 1/2-1/2

[Event "Let's Play Chess!"]
[Site "http://www.queenalice.com/game.php?id=1246144"]
[Date "2014.1.7"]
[Round "-"]
[White "RonLyon"]
[Black "Ruusgugg"]
[Result "1-0"]
[WhiteElo "1216"]
[BlackElo "1395"]

1. e4 Nf6 2. e5 Nd5 3. c4 Nf4 4. Ne2 Nxe2 5. Bxe2 Nc6 6. d4 d5 7. c5 Be6 8. a3
g6 9. Nd2 b6 10. Nb3 f6 11. exf6 exf6 12. O-O Na5 13. cxb6 cxb6 14. Bd2 Rb8 15.
Re1 Bd6 16. Bb5+ Ke7 17. Qg4 f5 18. Qh4+ Kf7 19. Bg5 Qc8 20. Rac1 Qf8 21. Bh6
Qg8 22. Bf4 Be7 23. Rc7 Re8 24. Bd6 g5 25. Bxe8+ Kf8 26. Bxe7+ Kxe8 27. Qh5+ Bf7
28. Bf6+ Kf8 29. Qh6+ Qg7 30. Qxg7# 1-0

[Event "Let's Play Chess!"]
[Site "http://www.queenalice.com/game.php?id=1252048"]
[Date "2014.1.28"]
[Round "-"]
[White "RonLyon"]
[Black "mariuszhagel"]
[Result "0-1"]
[WhiteElo "1408"]
[BlackElo "1715"]

1. e4 e5 2. Nf3 d6 3. d4 exd4 4. Nxd4 Nf6 5. Nc3 Bd7 6. h3 Be7 7. Be2 Nc6 8. Bf4
Nxd4 9. Qxd4 O-O 10. O-O-O a5 11. e5 dxe5 12. Bxe5 Be6 13. Bc4 Qxd4 14. Rxd4
Bxc4 15. Rxc4 c6 16. Rd1 Rfd8 17. Bc7 Rxd1+ 18. Nxd1 Nd5 19. Be5 Rd8 20. Kb1 f6
21. Bc7 Rd7 22. Bxa5 Nb6 23. b3 Nxc4 24. bxc4 Rxd1+ 25. Kb2 Bc5 26. Kb3 b6 27.
Bb4 Rb1+ 0-1

[Event "Let's Play Chess!"]
[Site "http://www.queenalice.com/game.php?id=1252049"]
[Date "2014.1.28"]
[Round "-"]
[White "delgado1971"]
[Black "RonLyon"]
[Result "0-1"]
[WhiteElo "1532"]
[BlackElo "1400"]

1. c4 c5 2. Nc3 Nf6 3. g3 e6 4. Bg2 Be7 5. Nf3 O-O 6. O-O Nc6 7. b3 b6 8. Bb2
Bb7 9. Ne5 Bd6 10. Nb5 Bxe5 11. Bxe5 Nxe5 12. Bxb7 Rb8 13. Bg2 d5 14. cxd5 exd5
15. d4 Nc6 16. dxc5 bxc5 17. Nc3 Qd7 18. Nxd5 Nxd5 0-1

[Event "Let's Play Chess!"]
[Site "http://www.queenalice.com/game.php?id=1252952"]
[Date "2014.2.1"]
[Round "-"]
[White "RonLyon"]
[Black "mariuszhagel"]
[Result "1-0"]
[WhiteElo "1451"]
[BlackElo "1925"]

1. e4 e5 2. Nf3 d6 3. Bc4 Nf6 4. Ng5 d5 5. exd5 Nxd5 6. Nxf7 Kxf7 7. Qf3+ Ke8 8.
Bxd5 Qf6 9. O-O c6 10. Be4 Bd6 11. d3 Rf8 12. Be3 Qe7 13. Qg3 Bf5 14. Nd2 Nd7
15. Nc4 Bxe4 16. Nxd6+ Qxd6 17. dxe4 Qf6 18. b4 h6 19. Qg4 g5 20. Rad1 Rd8 21.
Bxa7 Rf7 22. Be3 Nb6 23. Bxb6 Rxd1 24. Qxd1 Rd7 25. Qh5+ Ke7 26. Bc5+ Kd8 27. g3
Rd2 28. Rd1 Rxd1+ 29. Qxd1+ Kc7 30. c4 b6 31. Bxb6+ Kxb6 32. Qa4 Qd6 33. c5+ 1-0

[Event "Let's Play Chess!"]
[Site "http://www.queenalice.com/game.php?id=1255188"]
[Date "2014.2.10"]
[Round "-"]
[White "RonLyon"]
[Black "Feanzeli"]
[Result "0-1"]
[WhiteElo "1444"]
[BlackElo "1618"]

1. e4 e5 2. Nf3 Nc6 3. Bc4 Nf6 4. d4 exd4 5. O-O Bc5 6. e5 d5 7. Bb5 Ne4 8. Ng5
Nxg5 9. Bxc6+ bxc6 10. f4 Ne4 11. Qd3 a5 12. a4 Ba6 0-1

[Event "Let's Play Chess!"]
[Site "http://www.queenalice.com/game.php?id=1255378"]
[Date "2014.2.11"]
[Round "-"]
[White "digger"]
[Black "RonLyon"]
[Result "1-0"]
[WhiteElo "1617"]
[BlackElo "1472"]

1. e4 c5 2. c3 e6 3. e5 d5 4. exd6 Bxd6 5. Bb5+ Nd7 6. d4 b6 7. Qf3 Bb7 8. Qxb7
Nf6 9. Bg5 O-O 10. Bxd7 Qxd7 11. Qxd7 Nxd7 12. Nd2 cxd4 13. cxd4 f6 14. Be3 Rac8
15. Ne2 f5 16. g3 Rc2 17. b3 Ba3 18. Nc4 Bb4+ 19. Bd2 Bxd2+ 20. Nxd2 b5 21. Nf4
Re8 22. Kd1 Rc6 23. Re1 e5 24. Nd5 Rd6 25. Nc7 Rb8 26. dxe5 Rd4 27. e6 Nf6 28.
f3 Nd5 29. Na6 Nc3+ 30. Kc2 Rc8 31. Nf1 Nd5+ 32. Kb2 Kf8 33. Rac1 Rd8 34. Nc7
Ne3 35. Nxe3 Rd2+ 36. Ka3 a6 37. Nxf5 g6 38. e7+ 1-0

[Event "Let's Play Chess!"]
[Site "http://www.queenalice.com/game.php?id=1258434"]
[Date "2014.2.20"]
[Round "-"]
[White "RonLyon"]
[Black "magalhaes_br"]
[Result "1-0"]
[WhiteElo "1427"]
[BlackElo "1371"]

1. e4 e5 2. Nf3 Nc6 3. d4 d6 4. dxe5 dxe5 5. Qxd8+ Kxd8 6. Ng5 Nh6 7. Bc4 Ke8 8.
O-O Be7 9. f4 f6 10. Nf3 g5 11. Nc3 a6 12. Nd5 Bd8 13. fxg5 Ng8 14. Be2 h6 15.
g6 Nce7 16. Nh4 c6 17. Nxe7 Nxe7 18. Bh5 Kd7 19. Be3 b5 20. Rxf6 Ng8 21. Rd1+
Ke7 22. Rf7+ Ke8 23. g7 Rh7 24. Rf8+ Ke7 25. Ng6+ Ke6 26. Bg4# 1-0

[Event "Let's Play Chess!"]
[Site "http://www.queenalice.com/game.php?id=1259586"]
[Date "2014.2.25"]
[Round "-"]
[White "RonLyon"]
[Black "Ruusgugg"]
[Result "1-0"]
[WhiteElo "1451"]
[BlackElo "1380"]

1. e4 d5 2. exd5 Qxd5 3. Nc3 Qd8 4. d4 Nc6 5. Nf3 Nf6 6. Bc4 e6 7. O-O Bd6 8.
Qd3 O-O 9. Ne4 Nxe4 10. Qxe4 Nb4 11. Ng5 g6 12. c3 f5 13. Qh4 Qd7 14. cxb4 Re8
15. Bd2 Qc6 16. Qxh7+ Kf8 17. Qf7# 1-0

[Event "Let's Play Chess!"]
[Site "http://www.queenalice.com/game.php?id=1259587"]
[Date "2014.2.25"]
[Round "-"]
[White "Ruusgugg"]
[Black "RonLyon"]
[Result "0-1"]
[WhiteElo "1396"]
[BlackElo "1457"]

1. e4 e5 2. Bc4 Nf6 3. Nf3 Nc6 4. O-O b6 5. Nc3 Bb7 6. d4 Na5 7. Be2 d6 8. d5 c6
9. b4 cxd5 10. bxa5 dxe4 11. Ne1 Bc6 12. Qd2 Qd7 13. f4 O-O-O 14. axb6 axb6 15.
Qe3 Qc7 16. Nb5 Qb7 17. a4 Kd7 18. fxe5 dxe5 19. Qd2+ Bd5 20. a5 Bc5+ 21. Kh1
Ra8 22. Qg5 Be7 23. Qxg7 Rhg8 24. Qh6 Qc6 25. a6 e3 26. Qh3+ Be6 27. Qxe3 Ne4
28. Nf3 Bf6 29. Bd3 Bd5 30. g3 Rg4 31. Qh6 Nxg3+ 32. Kg2 Nf5+ 33. Kf2 Nxh6 34.
Nc3 Qxc3 35. Bd2 Qc6 36. h3 Rg7 37. Rfb1 e4 38. Bb5 Bxa1 39. Bxc6+ Kxc6 40. Ne5+
Bxe5 41. Bxh6 Rxa6 0-1

[Event "Let's Play Chess!"]
[Site "http://www.queenalice.com/game.php?id=1264081"]
[Date "2014.3.12"]
[Round "-"]
[White "digger"]
[Black "RonLyon"]
[Result "0-1"]
[WhiteElo "1601"]
[BlackElo "1537"]

1. e4 e5 2. Qf3 f6 3. Bc4 Ne7 4. c3 b6 5. d4 Nbc6 6. d5 Na5 7. Bd3 c6 8. d6 Ng6
9. b4 Nb7 10. c4 Bxd6 11. a3 a5 12. b5 Nc5 13. Nc3 Nb3 14. Rb1 Nxc1 15. Rxc1
Bxa3 16. Rc2 Bb4 17. Ne2 O-O 18. O-O Bb7 19. Na2 Bc5 20. bxc6 dxc6 21. Rd2 Qe7
22. Ng3 Nh4 23. Qe2 g6 24. Nc3 a4 25. Kh1 a3 26. Na2 Rad8 27. Rdd1 Bc8 28. f4
exf4 29. Rxf4 g5 30. Rf2 Bxf2 31. Qxf2 c5 32. Nf5 Nxf5 33. exf5 Qe5 34. Nc1 Bb7
35. Re1 Qb2 36. Qxb2 axb2 37. Bc2 Rd2 38. Nb3 Rxc2 0-1

[Event "Let's Play Chess!"]
[Site "http://www.queenalice.com/game.php?id=1265083"]
[Date "2014.3.15"]
[Round "-"]
[White "RonLyon"]
[Black "ebrizzle"]
[Result "0-1"]
[WhiteElo "1476"]
[BlackElo "1495"]

1. e4 e5 2. Nf3 d6 3. d4 Nd7 4. Bc4 Ngf6 5. Ng5 d5 6. exd5 h6 7. Nxf7 Kxf7 8.
Qf3 Bd6 9. Be3 c5 10. c3 Nb6 11. Be2 Bg4 12. Qxg4 Nxg4 13. Bxg4 g5 14. Nd2 exd4
15. cxd4 Bf4 16. O-O Nxd5 17. Bh5+ Kg7 18. g3 Bxe3 19. fxe3 Rf8 20. Rfe1 cxd4
21. e4 Ne3 22. Bf3 Nc2 0-1

[Event "Let's Play Chess!"]
[Site "http://www.queenalice.com/game.php?id=1265084"]
[Date "2014.3.15"]
[Round "-"]
[White "ebrizzle"]
[Black "RonLyon"]
[Result "0-1"]
[WhiteElo "1581"]
[BlackElo "1479"]

1. f4 g6 2. Nf3 Bg7 3. g3 d5 4. d4 Nf6 5. Nbd2 Nc6 6. Bg2 Ng4 7. O-O Ne3 8. Qe1
Nxc2 9. Qd1 Nxa1 10. Ne5 Nxe5 11. fxe5 Bf5 12. e4 Be6 13. exd5 Bxd5 14. b3 O-O
15. Bb2 Nxb3 16. axb3 Bxg2 17. Kxg2 Qd5+ 18. Nf3 f6 19. Re1 fxe5 20. dxe5 Qxd1
21. Rxd1 Rfd8 22. Rc1 Rd7 23. e6 Bxb2 24. Rb1 Rd6 25. Rxb2 Rxe6 26. Ng5 Re3 27.
Kf2 Rd3 28. Ne6 c6 29. Nc5 Rf8+ 30. Kg1 Rd1+ 31. Kg2 Rff1 32. Rf2 Rxf2+ 33. Kxf2
b6 34. Nb7 a5 35. Ke2 Rb1 36. Kd2 Rxb3 37. Kc2 Rf3 38. Nd8 Rf6 39. Kc3 b5 40.
Kd4 Rd6+ 41. Kc5 Rxd8 42. Kxc6 b4 43. Kb5 b3 44. h4 b2 45. Kc6 Rd1 46. h5 b1=Q
47. hxg6 Qc2+ 48. Kb6 Rb1+ 49. Ka6 Qxg6+ 50. Kxa5 Qc2 51. g4 Qa2# 0-1

[Event "OS INCLIVEIS"]
[Site "http://www.queenalice.com/game.php?id=1265241"]
[Date "2014.3.15"]
[Round "-"]
[White "adelio"]
[Black "RonLyon"]
[Result "0-1"]
[WhiteElo "1691"]
[BlackElo "1556"]

1. b4 Nf6 2. c4 e6 3. a3 c5 4. Bb2 a5 5. b5 b6 6. Bxf6 Qxf6 7. Nc3 Bb7 8. e4 Bd6
9. Be2 O-O 10. Nf3 Bf4 11. g3 Bh6 12. h4 Rd8 13. h5 d5 14. cxd5 exd5 15. e5 Qe6
16. Rh4 d4 17. Nb1 Nd7 18. d3 Nxe5 19. Nxe5 Qxe5 20. Nd2 Re8 21. Ne4 Bxe4 22.
Rxe4 Qg5 23. Ra2 f5 24. Rf4 Qxh5 25. Rh4 Qg5 26. Rh5 Qxh5 27. f4 Qh1+ 28. Kd2
Qxd1+ 29. Kxd1 Re3 30. g4 g5 31. gxf5 gxf4 32. Bh5 Kg7 33. Rg2+ Rg3 34. Rf2 Rf8
35. Kc2 Rxf5 36. Bf3 Re5 37. Be4 Bg5 38. Rh2 h6 39. Rh5 a4 40. Rh2 f3 41. Bxf3
Rxf3 42. Rg2 Rfe3 43. Rf2 Re2+ 44. Rxe2 Rxe2+ 45. Kb1 h5 46. Ka1 h4 47. Kb1 h3
48. Ka1 Re1+ 49. Kb2 h2 50. Kc2 Re2+ 51. Kd1 Rg2 52. Ke1 h1=Q# 0-1

[Event "Let's Play Chess!"]
[Site "http://www.queenalice.com/game.php?id=1266753"]
[Date "2014.3.20"]
[Round "-"]
[White "Gusmao"]
[Black "RonLyon"]
[Result "0-1"]
[WhiteElo "1515"]
[BlackElo "1503"]

1. e4 e5 2. Qh5 Nf6 3. Qd1 Bc5 4. g3 c6 5. a3 d5 6. d3 dxe4 7. dxe4 Bxf2+ 8.
Kxf2 Qxd1 9. Bd2 Nxe4+ 10. Kg2 Nxd2 11. Be2 Qxc2 12. Nxd2 Qxd2 13. h3 h5 14. b4
Na6 15. Kf2 Qd4+ 16. Kg2 Qxa1 17. Nf3 Qxh1+ 18. Kxh1 f6 19. Bxa6 bxa6 20. h4 Bg4
21. Nd2 Rd8 22. Ne4 Bf3+ 23. Kh2 Bxe4 24. Kh3 Bf5+ 25. Kh2 Rd2+ 26. Kg1 O-O 27.
Kf1 Rfd8 28. Ke1 Ra2 0-1

[Event "Let's Play Chess!"]
[Site "http://www.queenalice.com/game.php?id=1266768"]
[Date "2014.3.21"]
[Round "-"]
[White "RonLyon"]
[Black "rocha"]
[Result "1-0"]
[WhiteElo "1521"]
[BlackElo "1482"]

1. e4 e5 2. Nf3 f6 3. Nxe5 Qe7 4. Qh5+ g6 5. Qf3 Qxe5 6. d3 Nc6 7. c3 d5 8. Qf4
g5 9. Qxe5+ Nxe5 10. Be2 dxe4 11. dxe4 Be6 12. Be3 Bd6 13. Nd2 Nc6 14. Bh5+ Bf7
15. Bg4 Rd8 16. O-O Ne5 17. Be2 a6 18. a4 Ne7 19. h3 Bg6 20. b4 O-O 21. b5 a5
22. f4 Nf5 23. exf5 gxf4 24. Bxf4 Bc5+ 25. Kh1 Rxd2 26. Bxd2 Be8 27. Rad1 b6 28.
Bh6 Rf7 29. Rd8 Re7 30. g4 Nf7 31. Bc4 Be3 32. Re1 Rd7 33. Rxe8# 1-0

[Event "Challenge"]
[Site "http://www.queenalice.com/game.php?id=1270577"]
[Date "2014.4.5"]
[Round "-"]
[White "RonLyon"]
[Black "charles31"]
[Result "1-0"]
[WhiteElo "1578"]
[BlackElo "1778"]

1. e4 e5 2. Nf3 d6 3. d4 exd4 4. Nxd4 h6 5. Nc3 a6 6. h3 Be7 7. Be2 Bd7 8. Be3
Nc6 9. a3 Nf6 10. O-O h5 11. Nd5 Nxe4 12. Nxe7 Qxe7 13. Nxc6 Bxc6 14. Bxh5 g6
15. Qd4 Rxh5 16. Qg7 O-O-O 17. Qd4 Qg5 18. Bxg5 Rxg5 19. f3 Ng3 20. Rfe1 Nf5 21.
Qf4 Rh5 22. Qg4 Rg8 23. Re7 Kb8 24. Ree1 Rg5 25. Qxg5 b6 26. c3 Ng7 27. b4 Ne6
28. Qg3 Bd5 29. a4 f6 30. Rac1 Ng5 31. c4 Bb7 32. a5 Nf7 33. axb6 Ne5 34. bxc7+
Kxc7 35. f4 Nd7 36. Qe3 g5 37. g3 gxf4 38. Qxf4 Rf8 39. Re7 f5 40. c5 1-0

[Event "Challenge"]
[Site "http://www.queenalice.com/game.php?id=1273372"]
[Date "2014.4.15"]
[Round "-"]
[White "RonLyon"]
[Black "Eggchaser"]
[Result "1-0"]
[WhiteElo "1602"]
[BlackElo "1785"]

1. e4 c5 2. Nf3 d6 3. d4 cxd4 4. Nxd4 Nf6 5. Nc3 g6 6. Be3 Bg7 7. f3 O-O 8. Qd2
Nc6 9. O-O-O Bd7 10. h4 Nxd4 11. Bxd4 Qa5 12. Bc4 1-0